[Event "IND-ch U18 Girls"]
[Site "Pollachi"]
[Date "2022.04.19"]
[Round "3"]
[White "Tejaswi, R."]
[Black "Rebecca, Jesumarian"]
[Result "1-0"]
[WhiteElo "1414"]
[BlackElo "1794"]
[PlyCount "133"]
[EventDate "2022.04.18"]
[EventType "swiss"]
[EventRounds "11"]
[EventCountry "IND"]
[SourceTitle "CBM 208 Extra"]
[Source "ChessBase"]
[SourceDate "2022.07.31"]
[SourceVersion "1"]
[SourceVersionDate "2022.07.31"]
[SourceQuality "1"]

1. d4 Nf6 2. c4 g6 3. Nc3 Bg7 4. e4 d6 5. Bd3 0-0 6. Nge2 e5 7. d5 Na6 8. f3 Nc5 9. Bc2 a5 10. Be3 Ne8 11. Qd2 f5 12. 0-0-0 f4 13. Bxc5 dxc5 14. Rdf1 Nd6 15. Bd3 a4 16. a3 Bd7 17. Qc2 b6 18. g4 Bf6 19. h3 Bh4 20. Nb5 Bxb5 21. cxb5 Qe8 22. Nc3 Kh8 23. Nxa4 Nxb5 24. Bxb5 Qxb5 25. Nc3 Qa6 26. Qe2 Qxe2 27. Nxe2 b5 28. Kc2 Be7 29. Nc1 Ra4 30. Nd3 Bd6 31. h4 Rfa8 32. g5 c4 33. Nf2 b4 34. axb4 Rxb4 35. h5 Rab8 36. Nd1 Kg7 37. hxg6 hxg6 38. Rh6 Rh8 39. Rfh1 Rxh6 40. gxh6+ Kh7 41. Nf2 Rb3 42. Rh3 Bc5 43. Nd1 Bd4 44. Nc3 Rb6 45. Na4 Rb4 46. Nc3 Rb8 47. Rh1 g5 48. Rh5 Kg6 49. Rh1 Rh8 50. Nb5 Bb6 51. d6 cxd6 52. Nxd6 Rxh6 53. Rxh6+ Kxh6 54. Nf7+ Kh5 55. Nxe5 Bd4 56. Nxc4 Kh4 57. Kd3 Bc5 58. Ke2 Kg3 59. e5 Kg2 60. Nd2 Bb4 61. e6 g4 62. fxg4 Bxd2 63. Kxd2 f3 64. e7 f2 65. e8Q f1Q 66. Qe2+ Qxe2+ 67. Kxe2 1-0

[Event "IND-ch U13 Girls 33rd"]
[Site "Visakhapatnam"]
[Date "2019.05.05"]
[Round "2"]
[White "Boramanikar, Tanisha S"]
[Black "Tejaswi, R."]
[Result "1-0"]
[WhiteElo "1694"]
[BlackElo "1284"]
[PlyCount "121"]
[EventDate "2019.05.04"]
[EventType "swiss"]
[EventRounds "11"]
[EventCountry "IND"]
[SourceTitle "CBM 190 Extra"]
[Source "ChessBase"]
[SourceDate "2019.07.15"]
[SourceVersion "1"]
[SourceVersionDate "2019.07.15"]
[SourceQuality "1"]

1. e4 e6 2. d3 d5 3. Nd2 Nf6 4. Ngf3 c5 5. g3 Nc6 6. Bg2 g6 7. 0-0 Bg7 8. Re1 0-0 9. Qe2 b6 10. Nf1 Bb7 11. h4 h6 12. N1h2 Rc8 13. e5 Nd7 14. Bf4 Re8 15. Rad1 f6 16. exf6 Nxf6 17. Ne5 Nxe5 18. Bxe5 Nd7 19. Ng4 Nxe5 20. Nxe5 Qf6 21. Bh3 Qxe5 22. Qxe5 Bxe5 23. Rxe5 Kf7 24. Rde1 Rc6 25. f4 Bc8 26. h5 gxh5 27. Rxh5 Rg8 28. Kf2 Kg6 29. Rhe5 Kf6 30. Rh1 Rd6 31. Kf3 d4 32. Kf2 Bb7 33. Bxe6 Bxh1 34. Bxg8 Bc6 35. Bb3 a5 36. a3 Bd7 37. Bd5 Bc6 38. Bxc6 Rxc6 39. Kf3 b5 40. Ke4 b4 41. a4 Re6 42. Rxe6+ Kxe6 43. g4 Kf6 44. Kd5 Kg6 45. Kxc5 h5 46. gxh5+ Kxh5 47. Kxd4 Kg4 48. Ke4 Kh5 49. f5 Kh6 50. Ke5 Kg7 51. Ke6 Kf8 52. f6 Kg8 53. f7+ Kf8 54. d4 b3 55. cxb3 Kg7 56. Ke7 Kg6 57. f8Q Kh7 58. Qf5+ Kh6 59. b4 axb4 60. Kf6 b3 61. Qh3# 1-0

[Event "IND-ch U11 Girls"]
[Site "Sivagangai Tamilnadu"]
[Date "2018.08.03"]
[Round "9.1"]
[White "Sinthia, Sarkar"]
[Black "Tejaswi, R."]
[Result "1/2-1/2"]
[WhiteElo "1315"]
[BlackElo "1393"]
[PlyCount "93"]
[EventDate "2018.07.28"]
[EventType "swiss"]
[EventRounds "11"]
[EventCountry "IND"]
[SourceTitle "EXT 2024"]
[Source "ChessBase"]
[SourceDate "2023.10.10"]
[SourceVersion "1"]
[SourceVersionDate "2023.10.10"]
[SourceQuality "1"]

1. e4 c5 2. Nf3 d6 3. d4 cxd4 4. Nxd4 Nf6 5. Nc3 g6 6. f3 Bg7 7. Be3 0-0 8. Qe2 Nc6 9. 0-0-0 Nxd4 10. Bxd4 Be6 11. Kb1 Qa5 12. Qb5 Qc7 13. g4 a6 14. Qd3 b5 15. h4 Qa5 16. b3 Rac8 17. Qd2 Qc7 18. h5 b4 19. Ne2 a5 20. Nf4 Bd7 21. Bxf6 exf6 22. Nd5 Qd8 23. Qh2 g5 24. Qxd6 Re8 25. Nb6 Bf8 26. Qxd7 Qxb6 27. Bc4 Be7 28. Qd5 Rf8 29. Qf5 Rc5 30. Qd7 Rc7 31. Qb5 Qxb5 32. Bxb5 Rfc8 33. Bc4 a4 34. Rd5 axb3 35. axb3 Ra7 36. Rhd1 Rca8 37. Kc1 Ra1+ 38. Kd2 R1a7 39. Ke3 Ra2 40. R1d2 R2a7 41. f4 h6 42. fxg5 hxg5 43. Rf5 Kg7 44. Rh2 Bd6 45. h6+ Kh7 46. Rh5 Be5 47. Rh1 1/2-1/2

[Event "IND-ch U11 Girls"]
[Site "Sivagangai Tamilnadu"]
[Date "2018.07.30"]
[Round "4.2"]
[White "Tejaswi, R."]
[Black "Pournami, S."]
[Result "1-0"]
[WhiteElo "1393"]
[BlackElo "1238"]
[PlyCount "67"]
[EventDate "2018.07.28"]
[EventType "swiss"]
[EventRounds "11"]
[EventCountry "IND"]
[SourceTitle "EXT 2024"]
[Source "ChessBase"]
[SourceDate "2023.10.10"]
[SourceVersion "1"]
[SourceVersionDate "2023.10.10"]
[SourceQuality "1"]

1. d4 Nf6 2. c4 e6 3. Nc3 d5 4. cxd5 exd5 5. Bg5 Be7 6. e3 h6 7. Bh4 0-0 8. Bd3 Be6 9. Nge2 Nbd7 10. 0-0 c6 11. Qc2 Qc7 12. f3 a6 13. Bg3 Qd8 14. e4 c5 15. dxc5 Nxc5 16. e5 Nh5 17. Bf2 Nxd3 18. Qxd3 Bg5 19. Bc5 Re8 20. f4 Be7 21. Bd4 g6 22. Qf3 Qd7 23. h3 Rac8 24. f5 Bxf5 25. g4 Ng7 26. gxf5 Nxf5 27. Nxd5 Rc2 28. Ne3 Rxe2 29. Nxf5 Rd2 30. Nxh6+ Kh8 31. Be3 Rc2 32. Qxf7 Rec8 33. Qxg6 Qxh3 34. Nf7# 1-0

[Event "IND-ch U11 Girls"]
[Site "Sivagangai Tamilnadu"]
[Date "2018.07.28"]
[Round "1.7"]
[White "Anunithi, SS."]
[Black "Tejaswi, R."]
[Result "0-1"]
[WhiteElo "1016"]
[BlackElo "1393"]
[PlyCount "83"]
[EventDate "2018.07.28"]
[EventType "swiss"]
[EventRounds "11"]
[EventCountry "IND"]
[SourceTitle "EXT 2024"]
[Source "ChessBase"]
[SourceDate "2023.10.10"]
[SourceVersion "1"]
[SourceVersionDate "2023.10.10"]
[SourceQuality "1"]

1. d4 d5 2. c4 Nc6 3. e3 e6 4. Nf3 Nf6 5. cxd5 exd5 6. Be2 Bb4+ 7. Bd2 Qe7 8. Nc3 0-0 9. 0-0 Bxc3 10. Bxc3 Ne4 11. a3 a6 12. Rc1 Nxc3 13. Rxc3 Rd8 14. b4 Bd7 15. Qb3 Qd6 16. Rb1 b5 17. Rc5 Ne7 18. Ne5 c6 19. Nxd7 Qxd7 20. a4 Qe6 21. Rbc1 Rac8 22. R1c3 Nf5 23. Bg4 Rd6 24. axb5 axb5 25. Qc2 g6 26. f3 Kg7 27. e4 dxe4 28. fxe4 Rxd4 29. Rxc6 Rxc6 30. Rxc6 Qxe4 31. Qxe4 Rxe4 32. Bxf5 gxf5 33. Rc5 Rxb4 34. Rxf5 Rb2 35. h4 f6 36. Kh2 Rb3 37. g3 Kg6 38. g4 Rb1 39. Kg2 b4 40. Rb5 b3 41. h5+ Kh6 42. Kf2 0-1